Jogadores de Futebol Mais Caros do Brasileirão 2023 - Statistics

Estatísticas Gerais
  • Esse quiz foi jogado 282 vezes
  • A pontuação média é 24 de 50
Estatísticas das Respostas
Clube Valor € Posição Jogador % Correto
Flamengo 17,00 mi € Meia Ofensivo de Arrascaeta
95%
Flamengo 22,00 mi € Centroavante Pedro
95%
Corinthians 7,00 mi € Ponta Esquerda Pedro
95%
Palmeiras 25,00 mi € Centroavante Endrick
94%
Athletico Paranaense 32,00 mi € Centroavante Vitor Roque
94%
Flamengo 20,00 mi € Centroavante Gabigol
92%
Palmeiras 16,00 mi € Meia Ofensivo Raphael Veiga
91%
Corinthians 16,00 mi € Centroavante Yuri Alberto
88%
Santos 17,00 mi € Centroavante Marcos Leonardo
81%
Fluminense 15,00 mi € Volante Andre
80%
Flamengo 15,00 mi € Meia Central Gerson
74%
Atlético Mineiro 10,00 mi € Ponta Esquerda Paulinho
74%
Palmeiras 8,50 mi € Zagueiro Gustavo Gomez
69%
Palmeiras 13,00 mi € Ponta Esquerda Rony
69%
Athletico Paranaense 9,00 mi € Goleiro Bento
66%
Palmeiras 9,00 mi € Ponta Esquerda Dudu
66%
Atlético Mineiro 10,00 mi € Lateral Esquedo Arana
65%
Palmeiras 10,00 mi € Lateral Esquedo Piquerez
64%
Palmeiras 8,50 mi € Zagueiro Murilo
60%
Flamengo 9,00 mi € Lateral Esquedo Ayrton Lucas
58%
São Paulo 6,00 mi € Ponta Direita Lucas
58%
Santos 7,00 mi € Goleiro João Paulo
49%
Atlético Mineiro 10,00 mi € Meia Ofensivo Zaracho
45%
Fluminense 7,00 mi € Zagueiro Nino
44%
São Paulo 6,00 mi € Zagueiro Beraldo
38%
São Paulo 7,00 mi € Volante Pablo Maia
38%
Internacional 7,50 mi € Zagueiro Vitão
36%
Flamengo 9,00 mi € Lateral Esquedo Everton
33%
Palmeiras 10,00 mi € Meia Central Gabriel Menino
33%
São Paulo 7,00 mi € Meia Central Rodrigo Nestor
31%
Grêmio 7,00 mi € Volante Villasanti
31%
São Paulo 6,00 mi € Meia Ofensivo James Rodriguez
30%
Flamengo 7,00 mi € Volante Allan
29%
Palmeiras 10,00 mi € Ponta Direita Artur
29%
Internacional 9,00 mi € Ponta Esquerda Wanderson
27%
Internacional 6,50 mi € Lateral Direito Bustos
25%
Cruzeiro 7,00 mi € Meia Ofensivo Matheus Pereira
23%
Grêmio 7,00 mi € Meia Ofensivo Cristaldo
22%
Flamengo 6,00 mi € Lateral Direito Matheuzinho
21%
Corinthians 7,00 mi € Volante Fausto Vera
20%
Botafogo 9,00 mi € Centroavante Matheus Nascimento
20%
Palmeiras 7,00 mi € Meia Ofensivo Luis Guilherme
19%
Grêmio 7,00 mi € Meia Central Bitello
18%
Atlético Mineiro 8,00 mi € Ponta Direita Pedrinho
16%
São Paulo 8,00 mi € Meia Ofensivo Galoppo
13%
Fluminense 8,00 mi € Meia Esquerda Jhon Arias
13%
Palmeiras 7,00 mi € Centroavante Lopez
12%
Bahia 8,00 mi € Ponta Direita Kayky
7%
Athletico Paranaense 7,00 mi € Meia Central Christian
4%
Fluminense 7,00 mi € Meia Ofensivo Fernandez
1%
Nenhum quiz correspondente encontrado
Distribuição das Pontuações
Porcentagem de Pessoas com Cada Pontuação
Percentil de Números Respondidos
Sua Pontuação Histórica
Você não jogou esse quiz